| 000 | 00781nam a2200265 a 4500 | ||
|---|---|---|---|
| 008 | |||
| 020 | _a0415097282 (cased) | ||
| 020 | _a0415097290 (pbk.) | ||
| 049 | _aMAIN | ||
| 090 | _aHD6054.3 | ||
| 245 | 0 | 0 |
_aWomen in management : _ba developing presence / _cedited by Morgan Tanton. |
| 260 |
_aLondon : _bRoutledge, _c1994. |
||
| 300 |
_axii, 253 p. : _bill. ; _c22 cm. |
||
| 504 | _aIncludes bibliographical references : p. 237-242. | ||
| 500 | _aIncludes index. | ||
| 650 | 0 | _aWomen executives. | |
| 650 | 0 | _aCorporate culture. | |
| 650 | 0 | _aLeadership. | |
| 700 | 1 | _aTanton, Morgan. | |
| 907 |
_a.b10037676 _b17-07-03 _c17-04-03 |
||
| 003 | |||
| 005 | 20230123133341.0 | ||
| 040 | _cNUST | ||
| 942 |
_cBOOKS _kHD6054.3 |
||
| 999 |
_c147064 _d147064 |
||